[Event "London Classic op U1750 9th"]
[Site "London"]
[Date "2017.12.06"]
[Round "3"]
[White "Shalom, David"]
[Black "Nielsen, Geir Erik"]
[Result "1-0"]
[WhiteElo "1337"]
[BlackElo "1570"]
[PlyCount "39"]
[EventDate "2017.12.04"]
[EventType "swiss"]
[EventRounds "5"]
[EventCountry "ENG"]
[SourceTitle "CBM 182 Extra"]
[Source "ChessBase"]
[SourceDate "2018.02.23"]
[SourceVersion "1"]
[SourceVersionDate "2018.02.23"]
[SourceQuality "1"]

1. e4 e6 2. d4 d5 3. Nc3 Nf6 4. e5 Nfd7 5. Nf3 c5 6. Bf4 Nc6 7. Bb5 a6 8. Bxc6 bxc6 9. 0-0 cxd4 10. Nxd4 Qc7 11. Re1 Be7 12. Qg4 Bf8 13. Rad1 Bb7 14. Rd3 g6 15. Rf3 c5 16. Nxe6 fxe6 17. Qxe6+ Be7 18. Bg5 Nf8 19. Qf7+ Kd8 20. Nxd5 1-0

[Event "London Weekend op 12"]
[Site "London"]
[Date "2016.12.11"]
[Round "4"]
[White "Shalom, David"]
[Black "Akeya Price, Robert A"]
[Result "0-1"]
[WhiteElo "1725"]
[BlackElo "1727"]
[PlyCount "84"]
[EventDate "2016.12.09"]
[EventType "swiss"]
[EventRounds "5"]
[EventCountry "ENG"]
[SourceTitle "CBM 176 Extra"]
[Source "ChessBase"]
[SourceDate "2017.03.02"]
[SourceVersion "1"]
[SourceVersionDate "2017.03.02"]
[SourceQuality "1"]

1. e4 c6 2. d4 d5 3. e5 Bf5 4. Nf3 e6 5. Nc3 Nd7 6. Bd3 Ne7 7. 0-0 Bxd3 8. Qxd3 Nf5 9. Nd1 Be7 10. Ne3 Nxe3 11. Bxe3 0-0 12. c3 c5 13. Rfc1 c4 14. Qc2 b5 15. a3 a5 16. Ra2 h6 17. Qd2 Rb8 18. Kh1 b4 19. axb4 axb4 20. g4 f6 21. exf6 Nxf6 22. Ne5 Ne4 23. Qe1 Qc7 24. f3 Ng5 25. Qg3 Nxf3 26. Bf4 Bg5 27. Bxg5 Nxg5 28. Rca1 bxc3 29. bxc3 Ne4 30. Qe3 Rb3 31. Ra3 Rfb8 32. Rxb3 cxb3 33. Rb1 Qxc3 34. Qf4 Rf8 35. Qc1 Nf2+ 36. Kg2 Qxd4 37. Qe1 Nxg4 38. Nxg4 Qxg4+ 39. Kh1 Rf3 40. Qe5 Qe4 41. Qb8+ Kh7 42. Kg1 Qxb1+ 0-1

[Event "London Classic op U2050-A 8th"]
[Site "London"]
[Date "2016.12.10"]
[Round "3"]
[White "Saravanan, Aadarsh"]
[Black "Shalom, David"]
[Result "1-0"]
[WhiteElo "1584"]
[BlackElo "1735"]
[PlyCount "71"]
[EventDate "2016.12.09"]
[EventType "swiss"]
[EventRounds "5"]
[EventCountry "ENG"]
[SourceTitle "EXT 2019"]
[Source "ChessBase"]
[SourceDate "2018.10.10"]
[SourceVersion "1"]
[SourceVersionDate "2018.10.10"]
[SourceQuality "1"]

1. d4 d5 2. c4 c6 3. e3 Nf6 4. Nf3 dxc4 5. Bxc4 Bf5 6. Nc3 e6 7. Nh4 Bg6 8. Nxg6 hxg6 9. 0-0 Bd6 10. e4 e5 11. Be3 Nbd7 12. Rc1 Rh4 13. Qc2 Ke7 14. d5 cxd5 15. Nxd5+ Nxd5 16. Bg5+ N5f6 17. Bxh4 Qb6 18. Qb3 Qxb3 19. Bxb3 Nc5 20. Bd5 Rh8 21. Bg5 b6 22. Rfd1 Rd8 23. b4 Ne6 24. Bxf6+ gxf6 25. Bxe6 Kxe6 26. b5 Rd7 27. g4 g5 28. Rc6 Rd8 29. Kg2 Rd7 30. Kg3 Rd8 31. f3 Rd7 32. Rc8 Re7 33. h4 gxh4+ 34. Kxh4 Kd7 35. Rc6 Ke6 36. Rcxd6# 1-0

[Event "London Classic op U2050-A 8th"]
[Site "London"]
[Date "2016.12.10"]
[Round "2"]
[White "Shalom, David"]
[Black "Rosario, Paulo Rui Beijinho"]
[Result "0-1"]
[WhiteElo "1735"]
[BlackElo "1840"]
[PlyCount "100"]
[EventDate "2016.12.09"]
[EventType "swiss"]
[EventRounds "5"]
[EventCountry "ENG"]
[SourceTitle "EXT 2019"]
[Source "ChessBase"]
[SourceDate "2018.10.10"]
[SourceVersion "1"]
[SourceVersionDate "2018.10.10"]
[SourceQuality "1"]

1. e4 c5 2. d4 cxd4 3. c3 dxc3 4. Nxc3 Nc6 5. Nf3 d6 6. Bc4 e6 7. 0-0 Be7 8. Qe2 a6 9. Rd1 b5 10. Bb3 Qc7 11. Bf4 Ne5 12. Rac1 Qb8 13. Nd4 Nf6 14. Bxe5 dxe5 15. Nc6 Qb7 16. Nxe5 0-0 17. f3 Rd8 18. Rxd8+ Bxd8 19. Qd2 Qb6+ 20. Kh1 Bb7 21. Ne2 Bc7 22. Nd3 Rd8 23. Qc3 Bb8 24. Nb4 Qf2 25. Ng1 h5 26. Nd3 Qh4 27. e5 Ne4 28. fxe4 Qxe4 29. Ne1 Bxe5 30. Qf3 Qh4 31. Qh3 Qg5 32. Rc5 Qf4 33. Qg3 Qxg3 34. hxg3 Bxg3 35. Rc1 Rd2 36. Bc2 Bxe1 37. Rxe1 Rxg2 38. Be4 Bxe4 39. Rxe4 Rxb2 40. Re2 Rb4 41. Nf3 Kf8 42. Kg2 Ke7 43. Rf2 f6 44. Rd2 e5 45. Kh3 g5 46. Kg3 a5 47. Rd3 Ra4 48. a3 b4 49. axb4 axb4 50. Nd2 Ra3 0-1

[Event "London Classic op U2050-A 8th"]
[Site "London"]
[Date "2016.12.09"]
[Round "1"]
[White "Portman, Carl S"]
[Black "Shalom, David"]
[Result "1-0"]
[WhiteElo "1893"]
[BlackElo "1735"]
[PlyCount "63"]
[EventDate "2016.12.09"]
[EventType "swiss"]
[EventRounds "5"]
[EventCountry "ENG"]
[SourceTitle "EXT 2019"]
[Source "ChessBase"]
[SourceDate "2018.10.10"]
[SourceVersion "1"]
[SourceVersionDate "2018.10.10"]
[SourceQuality "1"]

1. d4 d5 2. Nf3 Nf6 3. e3 c6 4. Bd3 Ne4 5. Nc3 Bf5 6. Bxe4 dxe4 7. Nd2 e6 8. Ndxe4 Qh4 9. Ng3 Bd6 10. Nxf5 exf5 11. Qf3 g6 12. Bd2 Nd7 13. h3 0-0-0 14. 0-0-0 Rhe8 15. g3 Qe7 16. Rhe1 Nf6 17. g4 Qe6 18. gxf5 gxf5 19. Kb1 Ne4 20. Nxe4 fxe4 21. Qh5 f5 22. Rg1 Rg8 23. Rxg8 Rxg8 24. Qxh7 Rg6 25. Qh8+ Kd7 26. Qa8 b5 27. Qb7+ Bc7 28. Ba5 Qd6 29. Qxa7 Rg2 30. h4 Rh2 31. c4 bxc4 32. Rg1 1-0